| 000 | 00970nam a2200193 a 4500 | ||
|---|---|---|---|
| 008 | 120416s1989 ||||||||||||||||| || u | ||
| 020 | _a0863411657 | ||
| 050 | _aTK 7868.I5 Des | ||
| 100 | _aMassara, R.E | ||
| 245 | 1 | 0 |
_aDesign and test techniques for VLSI and WSI circuits _cedited by R.E. Massara |
| 260 |
_aLondon: _bPeter Peregrinus _c1989 |
||
| 300 | _avi, 315p. : ill | ||
| 350 | _a0.00 | ||
| 650 | _aINTEGRATED CIRCUITS--VERY LARGE SCALE INTEGRATION--DESIGN AND CONSTRUCTION | ||
| 650 | _aINTEGRATED CIRCUITS--VERY LARGE SCALE INTEGRATION--TESTING | ||
| 650 | _aINTEGRATED CIRCUITS--WATER-SCALE INTEGRATION--DESIGN AND CONSTRUCTION | ||
| 995 |
_aMAIN LIBRARY OPEN ACCESS _D0.00 _e722318 _FCBU-MAIN LIBRARY (Kitwe) _H2 _I42.00 _jTK 7868.I5 Des _M2 _UAVAILABLE _y016625 _ZMain Library Open Access Collection |
||
| 995 |
_aMAIN LIBRARY OPEN ACCESS _D0.00 _e772319 _FCBU-MAIN LIBRARY (Kitwe) _H1 _I42.00 _jTK 7868.I5 Des _UAVAILABLE _y016626 _ZMain Library Open Access Collection |
||
| 999 |
_c63439 _d63439 |
||